| 000 | 00735nam a22002417a 4500 | ||
|---|---|---|---|
| 003 | BPGM | ||
| 005 | 20260624210753.0 | ||
| 008 | 260304s1981 mx ||||| |||| 00| 0 spa d | ||
| 040 |
_aBPGM _bspa |
||
| 041 |
_aspa _hspa |
||
| 082 | 0 | 4 |
_2379.72 / _aH57 _b1981 |
| 100 | _aSOLANA, FERNANDO , CARDIEL REYES, RAUL , BOLAÑOZ MARTINEZ, RAUL | ||
| 245 | _aHISTORIA DE LA EDUCACION PUBLICA EN MÉXICO | ||
| 300 |
_a645 páginas ; _c15.5 x 23 cm |
||
| 336 |
_2rdacontent _atexto _btxt |
||
| 337 |
_2rdamedia _asin mediación _bn |
||
| 338 |
_2rdacarrier _avolumen _bnc |
||
| 505 | _aPENDIENTE. | ||
| 650 | _aCIENCIAS SOCIALES | ||
| 650 | _aCIENCIAS SOCIALES | ||
| 650 | _aASUNTOS DE POLÍTICA PÚBLICA EN EDUCACIÓN | ||
| 942 |
_2ddc _cGENERAL |
||
| 999 |
_c68527 _d68527 |
||